| 000 | 00603 a2200169 4500 | ||
|---|---|---|---|
| 999 |
_c7853 _d7853 |
||
| 020 | _a1596052503 | ||
| 050 | _aJN276 HOB 2005 | ||
| 100 |
_aHobson, J. A. (John Atkinson), _d 1858-1940 _eauthor |
||
| 245 |
_aImperialism : _ba study / _cJ A Hobson |
||
| 264 |
_aLondon : _bGeorge Allen & Unwin Ltd, _c 2005 |
||
| 300 | _a386 pages ; 19 cm. | ||
| 500 | _alncludes index "First published in 1902 ... Third entirely revised and reset edition 1938"--Title page verso. | ||
| 650 | _aImperialism. | ||
| 650 | _a Imperial federation. | ||
| 651 | _aGreat Britain -- Colonies. | ||
| 942 |
_2lcc _cBK _h276 _iHOB _kJN |
||